000
00294nam a2200097Ia 4500
082
_a
639.37483 WATT
245
0
_a
Living jewels : koi keeping in South Africa
100
_a
WATT, Ronnie Johannesburg, 2003 1st pbk. ed
_9
75510
942
_c
BK
008
210817s9999 xx 000 0 und d
999
_c
249881
_d
249880